000 01993cam a2200409 i 4500
999 _c65004
_d65004
001 856977126
003 OCoLC
005 20190510092504.0
008 131209s2014 nyu g b 001 0 eng
010 _a2013027788
020 _a9780199844593
_q(hbk. ;
_qalk. paper)
020 _a0199844593
_q(hbk. ;
_qalk. paper)
020 _a9780199843138
_q(pbk. ;
_qalk. paper)
020 _a0199843139
_q(pbk. ;
_qalk. paper)
040 _aDLC
_bspa
_erda
_cCO-MdFUSB
_dYDX
_dYDXCP
_dBTCTA
_dBDX
_dUKMGB
_dGPM
_dCOO
_dIAD
_dDEBBG
_dCDX
_dBTA
_dDEBSZ
_dVLB
_dPUL
_dOCLCF
_dLNT
_dKEU
_dRCT
_dOCLCQ
041 _aeng
042 _apcc
043 _acl-----
082 _224
_aG 278.0825
_bH326r
100 1 _aHartch, Todd,
_d1967-
_eautor
245 1 4 _aThe rebirth of Latin American Christianity
_c/ Todd Hartch.
264 1 _aOxford ;
_aNew York :
_bOxford University Press,
_c℗[2014]
264 4 _c©2014
300 _axvi, 278 páginas ;
_c25 cm.
336 _2rdacontent.
_atexto
_btxt
337 _2rdamedia.
_asin mediación
_bn
338 _2rdacarrier.
_avolumen
_bnc
490 1 _aOxford studies in world Christianity.
501 _aIncluye índices (páginas 265- 278)
505 0 _aTestigos y evangelistas: el auge del protestantismo -- Testigos y evangelistas: el evangelismo a gran escala y la respuesta católica -- Cristianismo profético: orígenes y desarrollo -- El cristianismo profético en Brasil y Chile -- El corazón del pentecostalismo -- El corazón del catolicismo carismático -- El ascenso de los laicos: acción católica y comunidades eclesiales de base -- El ascenso de los laicos: los nuevos movimientos eclesiales -- El cristianismo universal: la dimensión interna -- El cristianismo universal: desde América Latina hasta los confines de la tierra.
650 0 _9691
_aHistoria de la Iglesia
_zAmérica Latina
651 7 _aAmérica Latina
830 0 _aOxford studies in world Christianity.
942 _cBK